Every Major City in Colombia - Statistics

General Stats
  • This quiz has been taken 13 times
  • The average score is 7 of 10
Answer Stats
Answer % Correct
Bogota
100%
Cali
100%
Medellin
100%
Barranquilla
92%
Cartagena
83%
Bucaramanga
58%
Santa Marta
50%
Ibague
33%
Villavicencio
33%
Popayan
25%
No matching quizzes found
Score Distribution
Percent of People with Each Score
Percentile by Number Answered
Your Score History
You have not taken this quiz